[Event "Santo Domingo Duarte Memorial 7th"]
[Site "Santo Domingo"]
[Date "2018.01.14"]
[Round "4"]
[White "Mendez Ramirez, Victor"]
[Black "Novas, Andres Guillermo"]
[Result "1-0"]
[WhiteElo "1913"]
[BlackElo "1742"]
[PlyCount "25"]
[EventDate "2018.01.12"]
[EventType "swiss"]
[EventRounds "8"]
[EventCountry "DOM"]
[SourceTitle "CBM 182 Extra"]
[Source "ChessBase"]
[SourceDate "2018.02.23"]
[SourceVersion "1"]
[SourceVersionDate "2018.02.23"]
[SourceQuality "1"]

1. d4 d5 2. Bf4 Nf6 3. e3 e6 4. Nd2 Bd6 5. Bg3 0-0 6. Bd3 c5 7. c3 Nc6 8. Ngf3 cxd4 9. exd4 Re8 10. Ne5 a6 11. 0-0 Bc7 12. f4 Ne7 13. Bf2 1-0

[Event "Santo Domingo op11"]
[Site "Santo Domingo"]
[Date "2017.11.26"]
[Round "8"]
[White "Novas, Andres Guillermo"]
[Black "Almonte Almanzar, Jose Amado"]
[Result "1-0"]
[WhiteElo "1736"]
[BlackElo "1836"]
[PlyCount "71"]
[EventDate "2017.11.17"]
[EventType "swiss"]
[EventRounds "8"]
[EventCountry "DOM"]
[SourceTitle "CBM 181 Extra"]
[Source "ChessBase"]
[SourceDate "2017.12.12"]
[SourceVersion "1"]
[SourceVersionDate "2017.12.12"]
[SourceQuality "1"]

1. e4 e5 2. Nf3 Nc6 3. Bc4 Nd4 4. Nxd4 exd4 5. c3 dxc3 6. Nxc3 Bb4 7. 0-0 d6 8. Qb3 Bc5 9. Bxf7+ Kf8 10. d3 Nh6 11. Bh5 Qh4 12. Bxh6 Qxh5 13. Be3 c6 14. Na4 Bxe3 15. fxe3+ Ke7 16. Rf3 Rb8 17. Raf1 Be6 18. Qc2 Qg6 19. Nc3 Rhf8 20. d4 Rxf3 21. Rxf3 Rf8 22. Qf2 Rxf3 23. Qxf3 Bc4 24. b3 Bf7 25. b4 Bc4 26. Kf2 d5 27. Qf5 dxe4 28. Qc5+ Qd6 29. Qxc4 Qxh2 30. Qc5+ Kd7 31. Qf5+ Kd8 32. Qg5+ Kc8 33. Qf5+ Kd8 34. Qf8+ Kd7 35. Qxg7+ Kd8 36. Qf6+ 1-0